Fundamentals of Business Law

Guardado en:
Detalles Bibliográficos
Autor principal: Corley, Robert N.
Otros Autores: Shedd, Peter J.
Formato: Libro
Lenguaje:inglés
Publicado: Englewood Cliffs Prentice Hall 1990
Edición:5. ed.
Etiquetas: Agregar Etiqueta
Sin Etiquetas, Sea el primero en etiquetar este registro!

MARC

LEADER 00000nam a2200000 4500
001 c024277
005 20221215113824.4
041 0 |a eng 
044 |a US 
245 1 0 |a Fundamentals of Business Law  |c Robert N. Corley, Peter J. Shedd 
250 |a 5. ed. 
264 1 |a Englewood Cliffs  |b Prentice Hall  |c 1990 
300 |a 1018 s. 
100 1 |a Corley, Robert N. 
700 1 |a Shedd, Peter J.